000
00342nam a2200145Ia 4500
100
_a
Tergan/ V./ Andreev/ I
942
_c
BK
654
_a
industrial automation
245
_a
Fundamenals of Industrial Automation
260
_b
Mir Publishers
_c
1986
082
_a
658.514
_b
TER/AND
300
_a
228
546
_a
ENGLISH
999
_c
19442
_d
19442